1890 1969 1853 1348 1383 1871 1347 1748 1268 1493 1632 1561 1948 1748 1683 1044 1122 1504 1404 1298 1386 1229 1088 1355 1235 1023 1247 1853 1454 1044 1305 1709 1102 1403 1064 1293 1871 1183 1500 1316 1386 1602 1924 1828 1055 1514 1963 1788 1435 1571 1892 1951 1386 1722 1672 1623 1377 1691 1679 1678 1391 1094 1414 1418 1072 1348 1853 1726 1432 1126 1486 1162 1974 1164 1371 1387 1034 1116 1364 1297 1524 1400 1945 1616 1575 1481 1491 1924 1496 1118 1930 1630 1988 1412 1280 1788 1356 1180 1315 BCNSPRNW ULIB Ver.6.0+V

เปลี่ยนเป็นภาษาไทย

Change to English
 แสดงรายละเอียดบรรณานุกรม
  กลับหน้าหลัก

Brief Record : Get Marc (ISO 2709) : E-mail record : QR code < ปิดหน้าต่าง
LEADER : 00000nam 2200000uu 4500
001    13399122888
003     ULIB
008    131025s2012||||th 000 0 eng d
020    ^a0071781854 (paperback) ^c^85.00
020    ^a9780071781855 (paperback)
060  4 WY18.2
100 1  ^aGraber, Mark.
245 10 ^aFamily practice examination and board review, third edition / ^cMark Graber, Jason Wilbur.
250    ^a3rd ed.
260    ^a[S.l.] : ^bMcGraw-Hill Professional, ^c2012.
300    ^a960 p. ; ^c28 cm.
520    ^aAn engagingly written case-based review for the Family Medicine Board Examination and the USMLE Step 3 Family Practice Examination and Board Review , Third Edition is the ideal study guide for the primary and recertification exam in family medicine and for licensure exams. The third edition has been completely updated with new cases, new questions, and new study results--and you''''''''ll also find new bits of humor that make the book fun to read and your study more enjoyable. This trusted review has been applauded by residents and students for its "building-block approach" to teaching that assures you understand one subject before moving on to the next. FEATURES More than 360 progressive case studies that reflect the realities of clinical practice and prepare you for your exams A 149-question final exam with answers referenced to pages in the book Detailed answer explanations for most questions that explain not only why an answer is right, but why the other answers are wrong Comprehensive coverage of ALL topics on the boards and recertifying exam Super-effective learning aids such as Quick Quizzes, learning objectives, clinical pearls, and more Color photographs of conditions most easily diagnosed by appearance Written not only to help you pass your exams, but to also update your knowledge of family medicine with state-of-the-art information An outstanding refresher for primary care physicians, physician assistants, and nurse practitioners.
700 1  ^aWilbur, Jason.
945    ^p0^l0^i034106
999    ^aเกษร โพธิ์สุวรรณ
รายการนี้ยังไม่มีแท็ก
คุณยังไม่ได้ล็อกอิน คุณสามารถมีกิจกรรมร่วมกับเว็บไซต์ได้ แต่ต้องล็อกอินก่อน ::
  ล็อกอิน

รายการสื่อสารสนเทศ

ลำดับที่ ประเภท เลขเรียก/บาร์โค้ด สถานที่ สถานะ
1. Book การพยาบาล
Book การพยาบาล
WY18.2  
  Barcode: 034106
ห้องสมุดวิทยาเขตสวรรค์ประชารักษ์
►หนังสือทั่วไป
บนชั้น

BibComment


ยังไม่เคยถูกคอมเมนท์

คอมเมนท์ทรัพยากรรายการนี้
  คอมเมนท์: Family practice ..


 Copyright 2026. Bcnsprnw @Library